1967 steam charts (Record no. 20544)

000 -LEADER
fixed length control field 00500nam a22001931 4500
001 - CONTROL NUMBER
control field 20544
003 - CONTROL NUMBER IDENTIFIER
control field BD-DhUET
008 - FIXED-LENGTH DATA ELEMENTS--GENERAL INFORMATION
fixed length control field 700914s1968 nyua 000 0 eng
020 ## - INTERNATIONAL STANDARD BOOK NUMBER
International Standard Book Number 0713130458
040 ## - CATALOGING SOURCE
Original cataloging agency DLC
Transcribing agency DLC
Modifying agency BD-DhUET
082 ## - DEWEY DECIMAL CLASSIFICATION NUMBER
Classification number 621.101084
Item number ELE/1967
110 ## - MAIN ENTRY--CORPORATE NAME
Corporate name or jurisdiction name as entry element Electrical Research Association
245 10 - TITLE STATEMENT
Title 1967 steam charts
250 ## - EDITION STATEMENT
Edition statement 1st ed.
260 ## - PUBLICATION, DISTRIBUTION, ETC. (IMPRINT)
Place of publication, distribution, etc. London
Name of publisher, distributor, etc. Edward Arnold
Date of publication, distribution, etc. 1967
300 ## - PHYSICAL DESCRIPTION
Extent vii, 64 p. (chiefly illus., part col.)
Dimensions 31 cm.
650 #0 - SUBJECT ADDED ENTRY--TOPICAL TERM
Topical term or geographic name as entry element Steam
942 ## - ADDED ENTRY ELEMENTS (KOHA)
Koha item type Corporate Publication
Holdings
Price effective from Copy number Piece designation (barcode) Lost status Not for loan Sublocation or collection (holding branch) Location (home branch) Koha full call number Koha item type Koha date last seen Damaged status Date acquired Withdrawn status Shelving location Source of classification or shelving scheme Koha normalized classification for sorting
2015-04-12118295  Central Library, BUETCentral Library, BUET621.101084/ELE/1967Corporate Publication2015-04-12 2015-04-12 Circulation section 621_101084000000000_ELE_1967
2015-04-12218293  Central Library, BUETCentral Library, BUET621.101084/ELE/1967Corporate Publication2015-04-12 2015-04-12 Circulation section 621_101084000000000_ELE_1967
2015-04-12313166  Central Library, BUETCentral Library, BUET621.101084/ELE/1967Corporate Publication2015-04-12 2015-04-12 Circulation section 621_101084000000000_ELE_1967
2015-04-12413162  Central Library, BUETCentral Library, BUET621.101084/ELE/1967Corporate Publication2015-04-12 2015-04-12 Circulation section 621_101084000000000_ELE_1967
2015-04-12518297  Central Library, BUETCentral Library, BUET621.101084/ELE/1967Corporate Publication2015-04-12 2015-04-12 Circulation section 621_101084000000000_ELE_1967
2015-04-12618296  Central Library, BUETCentral Library, BUET621.101084/ELE/1967Corporate Publication2015-04-12 2015-04-12 Circulation section 621_101084000000000_ELE_1967
2015-04-12718294  Central Library, BUETCentral Library, BUET621.101084/ELE/1967Corporate Publication2015-04-12 2015-04-12 Circulation section 621_101084000000000_ELE_1967
2015-04-12818300  Central Library, BUETCentral Library, BUET621.101084/ELE/1967Corporate Publication2015-04-12 2015-04-12 Circulation section 621_101084000000000_ELE_1967
2015-04-12913163  Central Library, BUETCentral Library, BUET621.101084/ELE/1967Corporate Publication2015-04-12 2015-04-12 Circulation section 621_101084000000000_ELE_1967
2015-04-121018299  Central Library, BUETCentral Library, BUET621.101084/ELE/1967Corporate Publication2015-04-12 2015-04-12 Circulation section 621_101084000000000_ELE_1967
2015-04-121113165  Central Library, BUETCentral Library, BUET621.101084/ELE/1967Corporate Publication2015-04-12 2015-04-12 Circulation section 621_101084000000000_ELE_1967
2015-04-121218302  Central Library, BUETCentral Library, BUET621.101084/ELE/1967Corporate Publication2015-04-12 2015-04-12 Circulation section 621_101084000000000_ELE_1967
2015-04-121318301  Central Library, BUETCentral Library, BUET621.101084/ELE/1967Corporate Publication2015-04-12 2015-04-12 Circulation section 621_101084000000000_ELE_1967